[Daňové teorie s praktickou aplikací]

Recenzia na publikáciu J. Širokého Daňové teorie s praktickou aplikací. Ucelený prehľad teoretických základov daňovej teórie. Publikácia je rozdelená do 14 kapitol. Prínos publikácie.

Guardado en:
Detalles Bibliográficos
Autor principal: Schultzová, Anna
Formato: Capítulo de libro
Lenguaje:eslovaco
Materias:
Etiquetas: Agregar Etiqueta
Sin Etiquetas, Sea el primero en etiquetar este registro!

MARC

LEADER 00000naa$a2200000$$$4500
001 0003859
005 20231002075543.4
041 0 |a slo 
044 |a SK 
245 1 0 |a [Daňové teorie s praktickou aplikací]  |c rec. Anna Schultzová 
520 |a Recenzia na publikáciu J. Širokého Daňové teorie s praktickou aplikací. Ucelený prehľad teoretických základov daňovej teórie. Publikácia je rozdelená do 14 kapitol. Prínos publikácie. 
610 2 0 |a recenzie 
610 2 0 |a dane 
610 2 0 |a teórie daňové 
610 2 0 |a teória a prax 
100 1 |a Schultzová, Anna